000 00954nam a22003017a 4500
003 CHAP
005 20220329140951.0
008 971013s1983 r 00010 d
010 _a60611
011 _a61583
035 _a65749
040 _cCHAP
082 _a627.8
_bE85
110 _aE.U.A. Bureau of Reclamation
_934862
245 _aMorrow point dam and powerplant
_b: thechnical record of desing and costruction
260 _aDenver, Col. :
_bBureau of reclamation,
_c1983
300 _a417 p.
_b: ilus.
590 _aBATCH-UPD
_b10
_c20130110
_lUCH01
_h0914
590 _aBATCH-UPD
_b10
_c20130410
_lUCH01
_h0538
590 _aBATCH-UPD
_b10
_c20130914
_lUCH01
_h1613
590 _aCONVERSION
_b10
_c20130109
_lUCH01
_h1333
650 1 4 _aHidráulica.
_955219
650 1 4 _aIngeniería hidráulica.
_958235
650 1 4 _aPresas.
_991480
901 _aBK
942 _cLIBRO
949 _a627.8 E85
_bBC
_cLIBRO
_d33724000536322
_eLIBRO
_h69302
_i65749
_si
999 _c60611
_d60611